Normal view MARC view
  • Great Britain

Entry Geographic Name

Number of records used in: 1

001 - CONTROL NUMBER

  • control field: 133261

003 - CONTROL NUMBER IDENTIFIER

  • control field: NUST

005 - DATE AND TIME OF LATEST TRANSACTION

  • control field: 20260216160159.0

008 - FIXED-LENGTH DATA ELEMENTS

  • fixed length control field: 260216|| aca||aabn | a|a d

040 ## - CATALOGING SOURCE

  • Original cataloging agency: NUST
  • Transcribing agency: NUST

151 ## - HEADING--GEOGRAPHIC NAME

  • Geographic name: Great Britain
  • General subdivision: Politics and government
  • Chronological subdivision: 1945-1964

670 ## - SOURCE DATA FOUND

  • Source citation: Work cat.: (NUST)0: Eden, Anthony, Earl of Avon, 1897-1977. 133260, Full circle;, [1960]
© 2023 Central Library, National University of Sciences and Technology. All Rights Reserved.